|
|
|
|
| LEADER |
00000nas a22000001a 4500 |
| 001 |
vtls010300320 |
| 003 |
SK-MaSNL |
| 005 |
20260228163024.0 |
| 008 |
110810d19451945xo zu p r 0 b0slo |
| 015 |
|
|
|a SNBDS17XX9999
|
| 015 |
|
|
|a 0378
|2 Fedor 1939-44
|
| 038 |
|
|
|a SNKBUDS
|
| 040 |
|
|
|a SNK
|b slo
|c SNK
|e AACR2
|
| 041 |
0 |
|
|a slo
|
| 044 |
|
|
|a xo
|c SK
|
| 245 |
0 |
0 |
|a Ohlas z nitrianskeho oratória
|
| 260 |
|
|
|a Nitra
|b [s.n.]
|c 1945
|
| 300 |
|
|
|a 3 čís.
|c 24 x 16 cm
|
| 310 |
|
|
|a Periodicita nie je známa
|
| 362 |
0 |
|
|a Roč. II, č. 1 (1945)-č. 3 (1945)
|
| 500 |
|
|
|a Vych. v Nitre príležitostne
|
| 500 |
|
|
|a Tlač. Kníhtlač. Andrej
|
| 505 |
8 |
0 |
|g Roč. II. (1945) 3 čís. po 4 s.
|
| 520 |
|
|
|a Náboženský (rím.-kat.) mládežnícky leták, vychádzajúci pred oslobodením. Bol vydávaný miesto rukopisu a prinášal informácie a organizačné pokyny
|
| 650 |
0 |
7 |
|a náboženstvo
|2 SNKBUDS
|9 2023
|
| 650 |
0 |
7 |
|a Rímsko-katolícka cirkev
|2 SNKBUDS
|9 272797
|
| 650 |
0 |
7 |
|a náboženské časopisy
|2 SNKBUDS
|9 82331
|
| 710 |
2 |
|
|a Tlačový podnik Andrej, úč. spol. (Bratislava)
|b filiálka Nitra
|e tlač.
|9 272358
|
| 852 |
|
|
|a SNK
|b 10000
|h ČSC 620
|
| 999 |
|
|
|c 8744
|d 10674
|